000 00514nam a2200181 a 4500
001 1774865107833
003 YourLibrary
005 20260330153907.0
008 260330s2008##################000#0#eng##
020 _a9781420065589
082 0 4 _a362.1
_bDHI
100 1 _aDhillon, B.S.,
_eauthor.
245 1 0 _aReliability Technology, Human Error, and Quality in Health Care :
260 _bCRC Press,
_c2008.
650 0 _aTechnology & Engineering.
942 _cENGLISH
040 _aYourLibrary
_beng
_cYourLibrary
999 _c618390
_d618390